书目信息 |
| 题名: |
做合格的共产党员
|
|
| 作者: | ;中共中央书记处研究室政治组 编 | |
| 分册: | 第三集 | |
| 出版信息: | 北京 中共中央党校出版社 1984.07 |
|
| 页数: | 229页 | |
| 开本: | 19cm | |
| 丛书名: | ||
| 单 册: | ||
| 中图分类: | D263.1 | |
| 科图分类: | ||
| 主题词: | 中国共产党--党员--标准 | |
| 电子资源: | ||
| ISBN: | ||
| 000 | 00664nam0 2200205 45 | |
| 001 | 0301100994 | |
| 005 | 20050328160704.7 | |
| 010 | @dCNY0.96 | |
| 091 | @a3230.186 | |
| 100 | @a20030110d1984 km y0chiy0120 ea | |
| 101 | 0 | @achi |
| 105 | @a z 000yy | |
| 200 | 1 | @a做合格的共产党员@AZuo He Ge De Gong Chan Dang Yuan@h第三集@f中共中央书记处研究室政治组编@FZhong Gong Zhong Yang Shu Ji Chu Yan Jiu Shi Zheng Zhi Zu Bian |
| 210 | @a北京@c中共中央党校出版社@d1984.07 | |
| 215 | @a229页@d19cm | |
| 606 | 0 | @a中国共产党@x党员@x标准 |
| 690 | @aD263.1@v3 | |
| 711 | 02 | @a中共中央书记处研究室政治组@4编 |
| 801 | @aCN@bTSTC@c20030225 | |
| 905 | @dD263.1@e24:3@b137267@f1 | |
| 做合格的共产党员.第三集/中共中央书记处研究室政治组编.-北京:中共中央党校出版社,1984.07 |
| 229页;19cm |
| ISBN :CNY0.96 |
| ● |
| 相关链接 |
|
|
|
|
正题名:做合格的共产党员
索取号:D263.1/24:3
 
预约/预借
| 序号 | 登录号 | 条形码 | 馆藏地/架位号 | 状态 | 备注 |
| 1 | 0137263 | 000380359 | 第一样本阅览室/ [索取号:D263.1/24:3] | 在馆 | |
| 2 | 0137264 | 001742458 | 密集书库/ [索取号:D263.1/24:3] | 在馆 | |
| 3 | 0137265 | 001742733 | 密集书库/ [索取号:D263.1/24:3] | 在馆 | |
| 4 | 0137266 | 000380368 | 密集书库/ [索取号:D263.1/24:3] | 在馆 | |
| 5 | 0137267 | 002031250 | 密集书库/ [索取号:D263.1/24:3] | 在馆 | |
| 6 | 0139145 | 001752543 | 密集书库/ [索取号:D263.1/24:3] | 在馆 | |
| 7 | 0139147 | 001752507 | 密集书库/ [索取号:D263.1/24:3] | 在馆 | |
| 8 | 0139149 | 001752491 | 密集书库/ [索取号:D263.1/24:3] | 在馆 |